000 00622cab a2200241 4500
001 X228
008 090401t1992 xxu||||| |||| 00| 0 eng d
035 _a(Sirsi) u64503
041 _aeng
245 _aWealdon DC v Taylor
260 _c1992
350 _a0
490 _aJournal of Planning and Environment Law
_v1992 JPL 136-141(6)
520 _aQBD 11 July 1991.
650 _aDEMOLITION
650 _aNURSERY SITE
650 _aOUTLINE PLANNING PERMISSION
650 _aPLANNING PERMISSION
650 _aREPLACEMENT DWELLING
690 _aPLANNING LAW AND PRACTICE
942 _n0
948 _c04/03/1997
999 _c40178
_d40178